[M.E.S.A.10] Analýzy - argumenty - názory : pracovné materiály

Bibliographic Details
Main Authors: Nižňanský, Viktor, 1953- (Author), Pilát, Jaroslav, 1976- (Author), Červenáková, Jana, 1963- (Author), Morvay, Karol, 1973- (Author), Marušinec, Ján (Author), Škriečka, Miroslav (Author), Ježovica, Milan, 1966- (Author)
Format: Software eBook
Language:Slovak
PhysicalDescription:1 elektronický optický disk (CD-ROM) grafy, mp., sch., tab. 12 cm
Published: Bratislava M.E.S.A.10 Centrum pre ekonomické a sociálne analýzy 2009
ISBN:9788089177158
9788089177141
9788089177165
9788089177172
9788089177189
9788089177202
9788089177219
9788089177233
9788089177226
9788089177240
Subjects:

MARC

LEADER 00000nam a2200000 a 4500
001 vtls010193135
003 SK-MaSNL
005 20260426005349.0
007 co bg auuua
008 180809s2009 xo dbl fs 000 0 slo
015 |a SNBS2012/02-00468 
020 |a 9788089177158  |q (online)  |q (elektronická kniha) 
020 |a 9788089177141  |q (online)  |q (elektronická kniha) 
020 |a 9788089177165  |q (online)  |q (elektronická kniha) 
020 |a 9788089177172  |q (online)  |q (elektronická kniha) 
020 |a 9788089177189  |q (online)  |q (elektronická kniha) 
020 |a 9788089177202  |q (online)  |q (elektronická kniha) 
020 |a 9788089177219  |q (online)  |q (elektronická kniha) 
020 |a 9788089177233  |q (online)  |q (elektronická kniha) 
020 |a 9788089177226  |q (online)  |q (elektronická kniha) 
020 |a 9788089177240  |q (online)  |q (elektronická kniha) 
040 |a SNK  |b slo  |c SNK  |e AACR2 
041 0 |a slo  |b eng 
043 |a e-xo--- 
044 |a xo  |c SK 
072 7 |a 33  |x Ekonómia  |2 konspekt 
072 7 |a 330.5+338  |x Národné hospodárstvo a hospodárska politika  |2 konspekt 
080 |a 33  |2 2001 
080 |a 338.2  |2 2001 
080 |a 327  |2 2001 
080 |a 332.14  |2 2001 
080 |a 36  |2 2001 
080 |a (0.034.44)  |2 2001 
080 |a (048.8)  |2 2001 
080 |a (437.6)  |2 2001 
245 0 0 |a [M.E.S.A.10]  |h elektronický zdroj  |b Analýzy - argumenty - názory : pracovné materiály 
260 |a Bratislava  |b M.E.S.A.10 Centrum pre ekonomické a sociálne analýzy  |c 2009 
300 |a 1 elektronický optický disk (CD-ROM)  |b grafy, mp., sch., tab.  |c 12 cm 
500 |a Názov z titulnej obrazovky 
500 |a Dielo obsahuje 10 diel od rôznych autorov 
516 |a Textový dokument (štúdie), súbory vo formáte pdf 
538 |a Technické požiadavky: Adobe Reader 
650 0 7 |a ekonomika  |2 SNKPH  |9 789 
650 0 7 |a hospodárska politika  |2 SNKPH  |9 2279 
650 0 7 |a zahraničná politika  |2 SNKPH  |9 971 
650 0 7 |a regionálna politika  |2 SNKPH  |9 2351 
650 0 7 |a sociálna politika  |2 SNKPH  |9 2333 
650 0 7 |a Economics  |2 SNKPHeng  |9 265310 
650 0 7 |a Economic policy  |2 SNKPHeng  |9 268361 
650 0 7 |a Foreign policy  |2 SNKPHeng  |9 266402 
650 0 7 |a Regional policy  |2 SNKPHeng  |9 315259 
650 0 7 |a Social policy  |2 SNKPHeng  |9 310357 
651 7 |a Slovensko  |2 SNKPH  |9 14231 
651 7 |a Slovakia  |2 SNKPHeng  |9 92630 
655 7 |a elektronické zdroje  |2 SNKPH  |9 90954 
655 7 |a CD-ROM  |2 SNKPH  |9 70236 
655 7 |a štúdie  |2 SNKPH  |9 57033 
655 7 |a Electronic resources  |2 SNKPHeng  |9 175546 
655 7 |a Studies  |2 SNKPHeng  |9 265573 
700 1 |a Nižňanský, Viktor,  |d 1953-  |t Posilnenie finančnej autonómie miest a obcí  |4 aut  |9 652018 
700 1 |a Pilát, Jaroslav,  |d 1976-  |t Analýza súčasného stavu a odporúčania a návrhy na zmeny v rámci volebnej legislatívy  |4 aut  |9 652019 
700 1 |a Červenáková, Jana,  |d 1963-  |t Staroba na Slovensku. Pravda o skutočných postojoch spoločnosti  |4 aut  |9 652020 
700 1 |a Nižňanský, Viktor,  |d 1953-  |t Princípy delenia kompetencií a možnosti ich presunu na územnú samosprávu  |4 aut  |9 652021 
700 1 |a Pilát, Jaroslav,  |d 1976-  |t Princípy delenia kompetencií a možnosti ich presunu na územnú samosprávu  |4 aut  |9 652022 
700 1 |a Morvay, Karol,  |d 1973-  |t Monitoring konkurencieschopnosti regiónov SR  |4 aut  |9 652023 
700 1 |a Marušinec, Ján  |t Monitoring konkurencieschopnosti regiónov SR  |4 aut  |9 652024 
700 1 |a Morvay, Karol,  |d 1973-  |t Obnovovanie neštandardnej hospodárskej politiky pod zámienkou protikrízového pôsobenia  |4 aut  |9 652025 
700 1 |a Morvay, Karol,  |d 1973-  |t Mýty o budovaní znalostnej ekonomiky na Slovensku  |4 aut  |9 652026 
700 1 |a Nižňanský, Viktor,  |d 1953-  |t Horské sídla Slovenska  |4 aut  |9 652027 
700 1 |a Marušinec, Ján  |t Analýza systému podpory v pôdohospodárstve  |4 aut  |9 652028 
700 1 |a Škriečka, Miroslav  |t Analýza systému podpory v pôdohospodárstve  |4 aut  |9 652029 
700 1 |a Ježovica, Milan,  |d 1966-  |t Eurovoľby 2009 v zrkadle programov politických strán  |4 aut  |9 652030 
919 |a 978-80-89177-15-8 
919 |a 978-80-89177-14-1 
919 |a 978-80-89177-16-5 
919 |a 978-80-89177-17-2 
919 |a 978-80-89177-18-9 
919 |a 978-80-89177-20-2 
919 |a 978-80-89177-21-9 
919 |a 978-80-89177-23-3 
919 |a 978-80-89177-22-6 
919 |a 978-80-89177-24-0 
999 |c 1006313  |d 1008243 
952 |a SNK  |b SNK  |y PREZ  |7 0  |p 17A0681201  |o snkSCDM 3363  |i snk2010/26419  |8 0  |0 0  |1 0  |4 0  |d 2010-11-30  |l 0  |r 2026-02-24 12:35:50  |w 2026-02-24